[Event "Titled Tue 4th Jun Late"]
[Site "chess.com INT"]
[Date "2024.06.04"]
[Round "5"]
[White "Eugene, Floryan"]
[Black "Nakamura, Hi"]
[Result "0-1"]
[WhiteElo "2419"]
[BlackElo "2794"]
[PlyCount "128"]
[EventDate "2024.06.04"]

1. d4 e6 2. c4 b6 3. Nc3 Bb4 4. Bd2 Bb7 5. Nf3 Nf6 6. e3 O-O 7. Bd3 d5 8. O-O a6 ({RR} 8... Be7 9. cxd5 exd5 10. Qc2 Nbd7 11. Rfd1 a6 12. Ne5 Re8 13. Ne2 Bd6 14. Nc6 Qc8 15. Nf4 g6 16. Rac1 Nb8 17. Ne5 Nbd7 18. Bc3 Qd8 19. Qb3 Nf8 20. Bb4 c5 21. Bxc5 Bxc5 22. Nxf7 Kxf7 23. dxc5 {Dubov,D (2666)-Vavulin,M (2507) Kolomna 2016 0-1 (54)}) ({RR} 8... Re8 9. Nxd5 Nxd5 10. cxd5 Bxd2 11. dxe6 Rxe6 12. Nxd2 c5 13. Nf3 Rd6 14. e4 cxd4 15. e5 Re6 16. Bf5 Re8 17. Re1 g6 18. Be4 Bxe4 19. Rxe4 Nc6 20. Qd2 Qd5 21. Rae1 f5 22. R4e2 Re7 23. h4 {Lev,R (2351)-Globus,O (2428) Israel ISR 2025 ½-½}) 9. Ne5 Nbd7 $146 ({RR} 9... Bd6 10. cxd5 exd5 11. Qc2 c5 12. b3 Re8 13. f4 Nc6 14. a3 Rc8 15. Bf5 Rc7 16. Nf3 b5 17. Qd1 Rce7 18. Qc2 cxd4 19. Nxd4 Nxd4 20. exd4 Qb6 21. Qd3 Bb8 22. Nd1 Ba7 23. Be3 g6 24. Bh3 {Zweschper,E (2143)-Feldtmann,T (2257) Frankfurt 2012 0-1 (34)}) 10. f4 dxc4 11. Bxc4 b5 12. Bd3 c5 13. a3 Ba5 14. Ne2 Bb6 15. Bc3 Nd5 16. Qd2 Nxe5 17. fxe5 Qg5 18. Nf4 cxd4 19. Bxd4 Bxd4 20. exd4 Nxf4 21. Rxf4 Bxg2 22. Kf2 Bd5 23. Rg1 Qh6 24. h4 f6 25. Ke1 Rac8 26. Rfg4 Rc1+ 27. Ke2 Qxd2+ 28. Kxd2 Rxg1 29. Rxg1 fxe5 30. dxe5 Rf4 31. h5 Rh4 32. Rc1 Bc4 33. b3 Rh2+ 34. Kc3 Bd5 35. Kd4 Rh4+ 36. Ke3 Rxh5 37. Rc8+ Kf7 38. Rc7+ Kf8 39. Rc8+ Ke7 40. Rc7+ Kd8 41. Rxg7 h6 42. Kd4 Bxb3 43. Bg6 Rg5 44. Kc5 Rxe5+ 45. Kc6 Rd5 46. Rh7 a5 47. Rxh6 Ke7 48. Be4 Rd4 49. Bf3 Bd5+ 50. Bxd5 Rxd5 51. Rh7+ Kf6 52. Ra7 b4 53. axb4 axb4 54. Rb7 Rd4 55. Kc5 e5 56. Rb8 Kf5 57. Rd8 Ke4 58. Rxd4+ exd4 59. Kxb4 d3 60. Kb3 Ke3 61. Kb2 Ke2 62. Kc1 d2+ 63. Kc2 d1=Q+ 64. Kc3 Qd5 0-1

[Event "Candidates Tournament"]
[Site "Madrid"]
[Date "2022.06.19"]
[Round "3"]
[White "Firouzja, Alireza"]
[Black "Nakamura, Hikaru"]
[Result "1/2-1/2"]
[WhiteElo "2793"]
[BlackElo "2760"]
[PlyCount "106"]
[EventDate "2022.06.17"]
[EventType "tourn"]
[EventRounds "14"]
[EventCountry "ESP"]
[EventCategory "21"]
[SourceTitle "CBM 209"]
[Source "ChessBase"]
[SourceDate "2022.08.31"]
[SourceVersion "1"]
[SourceVersionDate "2022.08.31"]
[SourceQuality "1"]

1. d4 Nf6 2. c4 e6 3. Nc3 Bb4 4. Qc2 O-O 5. a3 Bxc3+ 6. Qxc3 d5 7. Bg5 dxc4 8. Qxc4 b6 9. Rd1 Ba6 10. Qa4 h6 11. Bh4 Qe7 12. Nf3 Rd8 13. Qc2 c5 14. e4 Bxf1 15. Rxf1 g5 16. Nxg5 hxg5 17. Bxg5 Nc6 18. Qc1 Rxd4 $146 ({RR} 18... e5 19. Bh4 Rd6 20. Qg5+ Kh7 21. Qf5+ Kg8 22. Qg5+ Kh7 23. Qf5+ Kg8 24. Qg5+ {½-½ (24) Vrolijk,L (2516)-Schoppen,C (2498) Netherlands NED 2023}) 19. Rxd4 Nxd4 20. Qf4 Nc2+ 21. Kd1 Qd7+ 22. Kxc2 Qa4+ 23. Kb1 Qxe4+ 24. Qxe4 Nxe4 25. Bf4 Nf6 26. h4 Nd5 27. Bd2 f5 28. g3 Kf7 29. f3 Rh8 30. Bg5 c4 31. g4 b5 32. Rd1 fxg4 33. fxg4 a5 34. h5 Rg8 35. Rf1+ Ke8 36. h6 Rf8 37. Rxf8+ Kxf8 38. Bd8 a4 39. g5 Kf7 40. h7 Kg7 41. g6 c3 42. bxc3 Nxc3+ 43. Kc2 Nd5 44. Bg5 e5 45. Kd2 Kh8 46. Ke1 b4 47. axb4 a3 48. Bc1 Nxb4 49. Kd2 Nd5 50. Bxa3 Nf4 51. Bb2 Nxg6 52. Bxe5+ Nxe5 53. Kc3 Kxh7 1/2-1/2

[Event "Gibraltar Masters 14th"]
[Site "Caleta"]
[Date "2016.01.27"]
[Round "2"]
[White "Fodor, Tamas Jr"]
[Black "Nakamura, Hikaru"]
[Result "0-1"]
[WhiteElo "2500"]
[BlackElo "2787"]
[Annotator "Krasenkow,Michal"]
[PlyCount "64"]
[EventDate "2016.01.26"]
[EventType "swiss"]
[EventRounds "10"]
[EventCountry "GGB"]
[SourceTitle "CBM 171"]
[Source "ChessBase"]
[SourceDate "2016.03.14"]
[SourceVersion "2"]
[SourceVersionDate "2016.03.14"]
[SourceQuality "1"]

1. d4 Nf6 2. c4 e6 3. Nc3 Bb4 4. Qc2 c5 5. dxc5 O-O 6. Nf3 Na6 7. a3 Bxc3+ 8. Qxc3 Nxc5 9. b4 $6 Nce4 10. Qd4 d6 11. Bg5 $6 {The whole line is good for Black but after this voluntary exchange of White's bishop Black is clearly better as he has a huge development advantage without any compensation for White.} (11. Nd2 e5 12. Qe3 Nxd2 13. Bxd2 Be6 14. Rc1 Rc8 15. Qd3 {1-0 (35) Bargan,S (2267)-Soltanici,R (2400) Chisinau MDA 2016} Rc7 $17 {[%cal Yd8e7,Yf8c8]}) (11. Ng5 $142 e5 12. Qb2 (12. Qd3 Bf5) 12... a5 13. f3 (13. Nxe4 Nxe4 14. e3 Qh4 $36) 13... Nxg5 14. Bxg5 axb4 15. Qxb4 (15. axb4 Rxa1+ 16. Qxa1 Be6 17. e4 Qc7 {[%csl Rc4]}) 15... h6 {0-1 (60) Peng,Z (2402)-Chuchelov,V (2534) Netherlands 2005} 16. Bh4 $15) ({RR} 11. Ng5 e5 12. Qb2 Qc7 13. Nxe4 Nxe4 14. f3 Nf6 15. e4 Be6 16. Bg5 Nd7 17. Rc1 a5 18. Be2 axb4 19. axb4 Qb6 20. Qd2 Ra3 21. c5 dxc5 22. bxc5 Nxc5 23. Be3 Rc8 24. O-O Rd8 25. Rb1 Rxd2 {Mamedyarov,S (2734)-Nepomniachtchi,I (2771) Amsterdam NED 2023 0-1}) ({RR} 11. Bb2 a5 12. e3 e5 13. Qd3 axb4 14. axb4 Rxa1+ 15. Bxa1 Qb6 16. Qb3 Be6 17. Be2 Nc5 18. Qb1 Na6 19. b5 Nc5 20. O-O Nfe4 21. Rd1 Rc8 22. Qb4 f5 23. h3 Nxf2 24. Kxf2 Ne4+ 25. Ke1 Qxe3 {Looi,X (2043)-Garv,G (2388) chess.com INT 2024 0-1}) ({RR} 11. Bb2 e5 12. Qe3 b6 13. g3 Bb7 14. Bh3 h5 15. O-O Ng4 16. Qb3 Qe7 17. Rad1 Rac8 18. Bg2 Qe6 19. Nh4 Ngf6 20. Qe3 Qxc4 21. f3 Nc3 22. Bxc3 Qxc3 23. Rd3 Qc7 24. Bh3 Nd5 25. Qd2 Rcd8 {Fodor,T (2476)-Neumeier,K (2293) Austria 2012 1-0 (60)}) 11... Nxg5 12. Nxg5 a5 $146 (12... e5 $5 13. Qb2 (13. Qh4 a5 14. b5 d5 15. e3 e4 16. Rd1 h6 17. Nh3 Bg4 18. Be2 Bxe2 19. Kxe2 Qc7 $19 {0-1 (27) Freeman,M-Pritchett,C (2425) Glasgow 1977}) (13. Qd3 a5 14. b5 {1/2 (30) Gonda,L (2522)-Predojevic,B (2652) Zupanja 2009} e4 $1 15. Qd4 Qe7 $17 {[%cal Rh7h6,Yd6d5]}) 13... h6 (13... e4 $5) 14. Nf3 e4 15. Nd4 e3 16. f3 Nd7 (16... Bd7 $5) (16... a5 $5) 17. g3 Qf6 18. Qc3 Nb6 19. Rc1 Be6 20. Qxe3 Bxc4 $36 {0-1 (28) Paulsen,D (2330)-Lobron,E (2470) Germany 1982}) ({RR} 12... e5 13. Qb2 h6 14. Nf3 e4 15. Nd4 e3 16. f3 Nd7 17. g3 Qf6 18. Qc3 Nb6 19. Rc1 Be6 20. Qxe3 Bxc4 21. Bg2 Rfe8 22. Qd2 a5 23. b5 Re7 24. Kf2 Rae8 25. Rhe1 d5 26. Rc3 Na4 27. Rcc1 {Paulsen,D (2315)-Lobron,E (2440) Germany 1982 0-1}) ({RR} 12... e5 13. Qh4 a5 14. b5 d5 15. e3 e4 16. Rd1 h6 17. Nh3 Bg4 18. Be2 Bxe2 19. Kxe2 Qc7 20. Rd4 dxc4 21. Rc1 c3 22. Qf4 Qc5 23. a4 Rad8 24. Rxd8 Rxd8 25. f3 Rd2+ 26. Ke1 Qc4 27. Ng1 {Freeman,M-Pritchett,C (2425) Glasgow 1977 0-1}) 13. b5 (13. e3 e5 14. Qb2 e4 {[%cal Rh7h6]}) 13... h6 ({Here, too,} 13... e5 14. Qb2 e4 {was quite strong but Nakamura prefers to follow Lobron's footsteps in an improved version.}) 14. Nf3 e5 15. Qb2 e4 16. Nd4 (16. Nd2 {was not much better, e.g.} e3 17. fxe3 Re8 18. Qd4 b6 {[%cal Yc8b7]}) 16... e3 $1 {[%mdl 544]} 17. f3 Bd7 18. g3 Rc8 19. Rc1 Qb6 {[%cal Rd6d5]} 20. Qc3 Rfe8 21. Bg2 Qc5 22. O-O d5 {White has managed to complete his development but now he suffers material losses.} 23. Nb3 (23. Rfd1 {was more stubborn.}) 23... Qxa3 24. Nxa5 Qxc3 25. Rxc3 b6 26. Nb7 Rxc4 27. Rxc4 dxc4 28. Rc1 Rc8 29. Nd6 Rc5 {[%cal Rc4c3]} 30. Rc3 Rd5 $1 31. Nxc4 Rc5 {White has recovered the pawn but now he loses his knight.} 32. Rc2 Bf5 0-1

[Event "Titled Tue 28th Mar Early"]
[Site "chess.com INT"]
[Date "2023.03.28"]
[Round "8"]
[White "Gholami Orimi, Mahdi"]
[Black "Nakamura, Hi"]
[Result "0-1"]
[WhiteElo "2420"]
[BlackElo "2768"]
[PlyCount "78"]
[EventDate "2023.03.28"]

1. d4 Nf6 2. c4 e6 3. Nc3 Bb4 4. e3 O-O 5. Bd2 c5 6. Nf3 b6 7. Bd3 Bb7 8. a3 Bxc3 9. Bxc3 cxd4 10. exd4 d5 11. b3 a5 12. a4 Nc6 ({RR} 12... Nbd7 13. O-O Rc8 14. Bb2 Qc7 15. Re1 Rfd8 16. Rc1 dxc4 17. bxc4 Qf4 18. Rb1 h6 19. Bc1 Qc7 20. h3 Nb8 21. Bb2 Nbd7 22. Nd2 Qf4 23. Nf1 Qg5 24. Ng3 Ba6 25. Qe2 Qf4 26. Nf1 Nb8 27. Ne3 {Nakamura,H (2768)-Maghsoodloo,P (2720) Kolkata IND 2022 1-0 (69)}) 13. O-O Qe7 14. Re1 $146 ({RR} 14. Rc1 Rac8 15. Qe2 Nb4 16. Ne5 Rc7 17. Bb1 Rfc8 18. Rfd1 Ba6 19. Bb2 Qe8 20. Ng4 Nxg4 21. Qxg4 dxc4 22. bxc4 Rxc4 23. Rxc4 Rxc4 24. Qh3 Qxa4 25. Qxh7+ Kf8 26. Re1 Nd5 27. Bc1 Qb4 28. Rf1 Rxd4 {Fodor,B (2225)-Steindl,J (2334) Krakow POL 2024 ½-½ (38)}) ({RR} 14. Rc1 dxc4 15. bxc4 Rfd8 16. Re1 Qd6 17. Qe2 Qf4 18. Qe3 Qxe3 19. fxe3 Nb4 20. Bxb4 axb4 21. Ra1 Bxf3 22. gxf3 e5 23. d5 Nd7 24. Reb1 Nc5 25. Bc2 Na6 26. a5 Rab8 27. Ba4 bxa5 28. Bc6 Nc5 {Bobadilla Viera,J (2363)-Diaz Perez,M (2483) Santa Clara CUB 2025 0-1 (80)}) 14... Rfd8 15. Rc1 Nb4 16. Bb1 Rac8 17. Ne5 Nd7 18. Bb2 dxc4 19. bxc4 Qg5 20. d5 exd5 21. Rc3 Nxe5 22. Rg3 dxc4 23. Qe2 Rd2 24. Rxg5 Rxe2 25. Rxe2 f6 26. Rg3 Nbd3 27. Bc3 Nf4 28. Re1 Rd8 29. h4 Nxg2 30. Rxg2 Nf3+ 31. Kf1 Nxe1 32. Rg4 Nf3 33. Ke2 Re8+ 34. Kd1 Ne5 35. Rd4 Bc6 36. Bc2 h5 37. f4 Ng4 38. Rxc4 Ne3+ 39. Kc1 Nxc4 0-1

[Event "Tata Steel-A 73rd"]
[Site "Wijk aan Zee"]
[Date "2011.01.18"]
[Round "4"]
[White "Giri, Anish"]
[Black "Nakamura, Hikaru"]
[Result "1/2-1/2"]
[WhiteElo "2686"]
[BlackElo "2751"]
[PlyCount "138"]
[EventDate "2011.01.14"]
[EventType "tourn"]
[EventRounds "13"]
[EventCountry "NED"]
[EventCategory "20"]
[SourceTitle "CBM 141"]
[Source "ChessBase"]
[SourceDate "2011.03.17"]
[SourceVersion "1"]
[SourceVersionDate "2011.03.17"]
[SourceQuality "1"]

1. d4 Nf6 2. c4 e6 3. g3 c5 4. Nf3 cxd4 5. Nxd4 Bb4+ 6. Nc3 Ne4 7. Qd3 Nxc3 8. bxc3 Be7 9. Nb5 Nc6 10. Bf4 e5 11. Bc1 O-O 12. Bg2 d6 $146 ({RR} 12... b6 13. O-O Bb7 14. Rd1 Na5 15. Bxb7 Nxb7 16. Qxd7 Nc5 17. Qxd8 Rfxd8 18. Be3 Rdc8 19. a4 Bf8 20. Rd5 Ne6 21. Rxe5 Rxc4 22. a5 bxa5 23. Rxa5 a6 24. Kg2 h6 25. h4 Rcc8 26. Nd4 Nc5 27. Ra2 {Aronian,L (2783)-Karjakin,S (2760) Moscow 2010 ½-½ (56)}) ({RR} 12... Na5 13. O-O d6 14. Ba3 Be6 15. Nxd6 Bxd6 16. Qxd6 Re8 17. c5 Nc4 18. Qxd8 Rexd8 19. Bc1 Rac8 20. Bxb7 Rxc5 21. Re1 h6 22. Ba6 Rd6 23. Bxc4 {½-½ (23) Anand,V (2817)-Karjakin,S (2776) Monte Carlo 2011}) 13. Ba3 Qa5 14. O-O Rd8 15. Bb4 Qb6 16. a4 Na5 17. Rfd1 Be6 18. Bxa5 Qxa5 19. Bxb7 Rab8 20. Bd5 Rbc8 21. Qf3 Bxd5 22. Rxd5 Qa6 23. Qe4 Rc6 24. c5 Rxc5 25. Rxc5 dxc5 26. Qxe5 Qb7 27. Rb1 Bf6 28. Qf5 Qc6 29. Nxa7 Qxa4 30. Qxc5 Qa2 31. Re1 Qd2 32. Kf1 Bxc3 33. Rb1 Bd4 34. Qe7 Bxa7 35. Qxa7 Qd5 36. Kg1 Qa8 37. Qxa8 Rxa8 38. Rb5 f6 39. h4 Re8 40. Kf1 g6 41. g4 Re4 42. f3 Ra4 43. Rb8+ Kg7 44. Rb7+ Kg8 45. Kf2 Ra5 46. Kg3 h6 47. Rd7 h5 48. gxh5 Rxh5 49. e4 g5 50. hxg5 Rxg5+ 51. Kf4 Ra5 52. Rc7 Kf8 53. Rd7 Kg8 54. Rd5 Ra3 55. Kg4 Re3 56. Rd7 Kf8 57. Ra7 Kg8 58. f4 Rxe4 59. Kf5 Re8 60. Kg6 f5 61. Rg7+ Kh8 62. Rh7+ Kg8 63. Rg7+ Kh8 64. Rf7 Kg8 65. Rxf5 Re7 66. Rg5 Rf7 67. Kh6+ Kf8 68. f5 Rf6+ 69. Kh5 Kf7 1/2-1/2

[Event "Olympiad-38"]
[Site "Dresden"]
[Date "2008.11.21"]
[Round "8"]
[White "Grischuk, Alexander"]
[Black "Nakamura, Hikaru"]
[Result "1-0"]
[WhiteElo "2719"]
[BlackElo "2704"]
[Annotator "Krasenkow,Michal"]
[PlyCount "151"]
[EventDate "2008.11.13"]
[EventType "team-swiss"]
[EventRounds "11"]
[EventCountry "GER"]
[SourceTitle "CBM 128"]
[Source "ChessBase"]
[SourceDate "2009.01.28"]
[SourceVersion "1"]
[SourceVersionDate "2009.01.28"]
[SourceQuality "1"]
[WhiteTeam "Russia"]
[BlackTeam "US of America"]
[WhiteTeamCountry "RUS"]
[BlackTeamCountry "USA"]

1. d4 Nf6 2. c4 e6 3. Nc3 Bb4 4. Qc2 O-O 5. a3 Bxc3+ 6. Qxc3 b6 7. Bg5 Bb7 8. e3 d6 9. Ne2 Nbd7 10. Qc2 c5 11. Rd1 Qe7 12. Nc3 Rac8 $6 {This system was examined in CBM 118, annotations to Eljanov-Najditsch. Here are some recent examples:} (12... h6 13. Bh4 cxd4 (13... a6 14. dxc5 (14. f3 d5 15. cxd5 exd5 16. Bf2 c4 17. Be2 b5 18. O-O Bc6 19. Rfe1 Rfe8 20. Bf1 Nb6 $13 {0-1 Arun Prasad,S (2423)-Adhiban,B (2401)/Chennai 2008/CBM 122 Extra (61)}) 14... bxc5 15. f3 Rfd8 16. Be2 Nf8 17. O-O Ng6 18. Bf2 d5 19. Rd2 Rac8 20. Rfd1 Ne5 21. Bg3 Nxc4 22. Bxc4 dxc4 23. e4 Nh5 24. Ne2 Nxg3 25. hxg3 Rxd2 26. Rxd2 Qg5 27. Kf2 Bc6 28. Rd6 Qe5 29. Qd2 Kh7 30. Nc3 $14 {1-0 Baburin,A (2526)-Short,P (2300)/Dublin IRL 2008/The Week in Chess 714 (54)}) 14. Rxd4 Ne5 (14... Rfc8 15. f3 Ne5 16. Be2 Nc6 17. Rd2 Na5 18. Qa4 d5 19. cxd5 exd5 20. Bf2 Nc4 21. Bxc4 Rxc4 22. Qb5 Rc5 23. Qa4 Rc4 24. Qb5 Rc5 25. Qa4 Rc4 {1/2 Zhou Jianchao (2604)-Meier,G (2556)/Martuni 2008/CBM 125}) (14... Rfd8 15. f3 {-see below 12...cxd4} (15. Be2 g5 (15... Nc5 16. O-O e5 17. Rdd1 Qe6 18. f3 g5 19. Bg3 d5 20. cxd5 Nxd5 21. Nxd5 Bxd5 22. Qc3 f6 23. b4 $16 {1-0 Drozdovskij,Y (2587)-Kravtsiv,M (2549)/Beijing CHN 2008/The Week in Chess 728 (36)}) 16. Bg3 e5 17. Rd2 Bxg2 18. Rg1 Bh3 19. f4 exf4 20. exf4 Qe3 21. Bf2 Qxf4 22. Rd4 Bf5 23. Rxf4 Bxc2 24. Bd4 Nh7 $15 {1/2 Golod,V (2586)-Firman,N (2526)/Germany 2007/CBM 123 (57)}) (15. Qd1 Ne5 16. Bg3 Rd7 17. Nb5 Rad8 18. Nxa7 Ne4 19. Nb5 Nxg3 20. hxg3 d5 $44 {1/2 Kasimdzhanov,R (2690)-Leko,P (2755)/Moscow 2007/EXT 2008 (42)})) 15. Be2 (15. Bxf6 Qxf6 16. Rxd6 Rfd8 17. Nb5 Rxd6 18. Nxd6 Bc6 19. Nb5 Ng4 20. Nd4 Be4 21. Qe2 Ne5 22. f3 Nd3+ 23. Kd1 Bg6 $40 {0-1 Gladyszev,O (2497)-Naumkin,I (2494)/Cutro ITA 2008/The Week in Chess 704 (37)}) (15. Qd1 Rfd8 16. f3 Ng6 17. Bg3 e5 18. Rd2 e4 19. f4 h5 20. h3 h4 21. Bh2 d5 $36 {1-0 Romanchuk,V (2295)-Oleksienko,M (2592)/Alushta UKR 2008/The Week in Chess 708 (61)}) 15... Ng6 (15... Bxg2 $5 16. Rg1 Bc6 17. Rf4 Ned7 {should be checked}) 16. Bxf6 Qxf6 17. O-O Rfd8 18. Rfd1 Rac8 $2 19. Rxd6 Rxd6 20. Rxd6 Nh4 21. e4 Ng6 22. Qa4 Nf4 23. Bf1 $16 {1-0 Leitao,R (2601)-Tsuboi,E (2334)/Americana BRA 2007/The Week in Chess 683 (34)}) (12... cxd4 13. Rxd4 Rfd8 (13... e5 14. Rd1 Qe6 15. Nb5 Ne8 16. e4 h6 17. Be3 Nc5 18. f3 Qg6 19. b4 Ne6 20. Qf2 f5 21. exf5 Qxf5 22. Be2 Nf4 23. O-O Rf6 24. Bxf4 Qxf4 25. Bd3 $14 {1-0 Shishkin,V (2543)-Socko,M (2479)/Polanica Zdroj 2007/CBM 120 ext (54)}) (13... Rac8 $5 14. Nb5 Rc5 15. Bh4 Rh5 16. Qd1 e5 17. Qxh5 exd4 18. Nxd4 Rc8 19. Bd3 Be4 20. Qd1 d5 21. O-O Bxd3 22. Qxd3 dxc4 $11 {1/2 Lysyj,I (2593)-Le Quang,L (2540)/Moscow 2008/CBM 123 (63)}) 14. f3 (14. Qd1 Ne5 15. f3 h6 16. Bh4 Ng6 17. Bf2 d5 18. cxd5 Nxd5 19. Nxd5 Rxd5 20. Rxd5 Bxd5 21. Be2 Rd8 22. Qa4 Qf6 $132 {1/2 Drozdovskij,Y (2581)-Karpov,A (2655)/Odessa UKR 2008/The Week in Chess 708 (27)}) 14... h6 (14... Nf8 15. Be2 h6 16. Bxf6 Qxf6 17. O-O Qe7 18. Rfd1 Rd7 19. Nb5 Rad8 20. Qd2 d5 21. cxd5 Bxd5 22. Qb4 Qg5 23. Kf2 a5 24. Qc3 Qe7 25. e4 $14 {1/2 Karpov,A (2670)-Leko,P (2755)/Moscow 2007/EXT 2008 (59)}) (14... Ne5 $5 15. Be2 Ng6 16. O-O h6 17. Bxf6 Qxf6 {1/2 Roussel Roozmon,T (2489)-Polak,T (2553)/Brno 2008/CBM 125 Extra}) 15. Bh4 Ne5 16. Be2 Ng6 17. Bf2 e5 $146 (17... d5 {-Eljanov-Naiditsch}) 18. Rd1 d5 19. cxd5 Nxd5 20. Nxd5 Bxd5 21. O-O Qe6 22. Qa4 Bb3 23. Rxd8+ Rxd8 24. Qxa7 Rd2 25. Qa6 Rxb2 26. Rc1 e4 $1 $11 {0-1 Zakhartsov,V (2537)-Kravtsiv,M (2549)/Lviv UKR 2008/The Week in Chess 730 (47)}) 13. d5 $1 {That's why 12...ac8 is inaccurate.} h6 14. Bh4 exd5 (14... e5 15. Bd3 Rfe8 16. f3 a6 17. a4 Nf8 18. g4 g5 19. Bg3 Kg7 20. h4 Ng6 21. hxg5 hxg5 22. Bf5 Rb8 23. Rd2 Rh8 24. Rdh2 Rxh2 25. Qxh2 Rh8 26. Qg2 $14 {1-0 Turova,I (2385)-Porat,I (2328)/Budapest 2005/CBM 109 ext (39)}) 15. cxd5 (15. Nxd5 $143 Bxd5 16. cxd5 c4 17. Be2 b5 18. O-O Qe4 19. Qxe4 Nxe4 20. f3 Nec5 21. e4 Rfe8 22. g4 Ne5 $13 {1-0 Gladyszev,O (2485)-Berend,F (2343)/Nancy 2008/CBM 122 Extra (64)}) 15... a6 16. a4 c4 $146 {This novelty (an attempt to "justify" 12...ac8) doesn't change the evaluation of the position.} (16... Ne5 17. Be2 Ng6 18. Bg3 Rfe8 19. O-O Rb8 20. Rfe1 Bc8 21. e4 Qc7 22. b3 Nf8 23. f4 $36 Bg4 24. Bxg4 Nxg4 25. e5 $16 {1-0 Bu Xiangzhi (2671)-Ghaem Maghami,E (2581)/Doha 2006/CBM 115 ext (45)}) 17. Rd4 $146 ({RR} 17. Be2 Rc5 18. O-O Rfc8 19. e4 b5 20. axb5 axb5 21. f3 b4 22. Na4 Ra5 23. Ra1 b3 24. Qd2 Rca8 25. Qb4 Bxd5 26. exd5 Rxa4 27. Rxa4 Rxa4 28. Qxa4 Qxe2 29. Bg3 Nb6 30. Qc6 Nbxd5 31. Re1 Qc2 {Gharibyan,M (2131)-Guseynov,A (2320) Poti 2016 0-1 (42)}) 17... Ne5 18. Qd1 (18. Be2 $142 $14) 18... Rc5 (18... b5 $5 19. axb5 axb5 20. Nxb5 Ba6 21. Nc3 Rb8 $44) 19. Be2 g5 20. Bg3 b5 21. axb5 axb5 22. O-O b4 23. Na4 Ra5 (23... Rxd5 $142 24. Nb6 Rxd4 25. exd4 Ng6 26. Nxc4 Ne4 27. Re1 $14) 24. Nb6 c3 (24... Qc7 25. Nxc4 Rxd5 26. f3 $16) 25. Bxe5 dxe5 26. d6 Qe8 (26... Qd8 27. Rxb4 $16) 27. d7 Qd8 28. Rxb4 cxb2 29. Rxb2 $16 {[%csl Gd7] White has gained a pawn but surprisingly, it is still difficult for him to win this position.} Qc7 30. Qb3 Be4 31. Rd1 Rd8 32. Bc4 $6 {Not the best square for the bishop.} (32. Qb4 Rc5 33. f3 Bf5 34. Rbd2 $16) 32... Bg6 33. Rbd2 Kg7 34. h3 Rc5 35. Qb4 Ne4 36. Rb2 Rc6 37. Nd5 $6 Qd6 $2 {Missing a miraculous rescue;} (37... Qxd7 $1 38. Bb5 Rb8 $1 39. Qa4 (39. Qa3 Qd6 40. Bxc6 Qxa3 41. Rxb8 Qa2 42. Rf1 Nd2 43. Re1 Ne4 $11) (39. f3 Nf6 40. Qd2 Qb7 $1) 39... Qb7 {-White can't win material!}) 38. Bb5 Rxd7 $2 (38... Qxb4 $142 39. Nxb4 Rc7 (39... Rd6 $2 40. Rxd6 Nxd6 41. Rd2 $1 Nxb5 42. Nc6 $18) 40. Nd5 (40. Bc6 $5 Nc5 41. Rd6 $16) 40... Rb7 41. Rb4 Bf5 42. Bc6 Rxb4 43. Nxb4 Nc5 (43... Nf6 44. Na6 $1 Bxd7 45. Rd6 $18) 44. f4 $1 $16) 39. Bxc6 Qxc6 40. Qb5 $18 {White converts his extra exchange without major problems.} Qxb5 41. Rxb5 h5 42. f3 Ng3 43. e4 Ne2+ 44. Kf2 Nf4 45. Ne3 Rxd1 46. Nxd1 g4 47. hxg4 hxg4 48. Ne3 gxf3 49. gxf3 f6 50. Nd5 Nh5 51. Ke3 Bf7 52. Rb1 Be6 53. Kd3 f5 54. Rb7+ Kf8 55. Ke3 Ng3 56. Nf6 fxe4 57. fxe4 Nf1+ 58. Ke2 Bc4+ 59. Ke1 Ne3 60. Kd2 Nf1+ 61. Ke1 Ne3 62. Nd7+ Ke8 63. Nxe5 Ba6 64. Ra7 Bc8 65. Kf2 Nd1+ 66. Kf3 Be6 67. Nc6 Kf8 68. Nd4 Bf7 69. Nf5 Bb3 70. Kf4 Nf2 71. Nd4 Bf7 72. e5 Nd3+ 73. Kf5 Nb4 74. Ne6+ Ke8 75. Nc7+ Kd8 76. Na6 1-0

[Event "Airthings Masters Div 1 W"]
[Site "chess.com INT"]
[Date "2023.02.06"]
[Round "1.1"]
[White "Gukesh, D.."]
[Black "Nakamura, Hi"]
[Result "0-1"]
[WhiteElo "2718"]
[BlackElo "2768"]
[PlyCount "96"]
[EventDate "2023.02.06"]

1. d4 Nf6 2. c4 e6 3. Nc3 Bb4 4. e3 O-O 5. a3 Bxc3+ 6. bxc3 c5 7. Bd3 Nc6 8. Ne2 b6 9. e4 Ne8 10. h4 e5 ({RR} 10... Ba6 11. h5 Na5 12. h6 g6 13. Ng3 Bxc4 14. e5 d5 15. Ne2 Rc8 16. Nf4 cxd4 17. cxd4 Nb3 18. Rb1 Nxd4 19. Bxg6 fxg6 20. Qxd4 Qe7 21. Be3 Nc7 22. f3 Qxa3 23. Kf2 Qe7 24. Nh3 Nb5 25. Qg4 {Herman,M (2383)-Vasquez Schroeder,R (2446) chess.com INT 2024 0-1 (55)}) 11. h5 $146 ({RR} 11. d5 Na5 12. f4 Nd6 13. f5 Ba6 14. g4 Bxc4 15. Bxc4 Naxc4 16. Ng3 b5 17. Qf3 b4 18. cxb4 cxb4 19. g5 b3 20. Qxb3 Qa5+ 21. Qb4 Qxb4+ 22. axb4 Rfb8 23. Ra4 Nb6 24. Ra6 Nbc4 25. Ra4 Nb6 {Wei Yi (2722)-Lu Shanglei (2597) Shaoxing CHN 2023 ½-½}) 11... d6 12. h6 g6 13. Be3 Na5 14. Ng3 Ba6 15. Qe2 cxd4 16. cxd4 Nb3 17. Rb1 Nxd4 18. Bxd4 exd4 19. Qb2 Rc8 20. Qxd4 Qf6 21. Ne2 Qxd4 22. Nxd4 Nf6 23. Kd2 Bxc4 24. f3 d5 25. e5 Bxd3 26. Kxd3 Nd7 27. f4 Rc4 28. Rhc1 Rfc8 29. Ne2 f6 30. exf6 Kf7 31. Rxc4 Rxc4 32. Ke3 Nc5 33. Rd1 Ra4 34. Rxd5 Rxa3+ 35. Kd4 Rd3+ 36. Kc4 Rxd5 37. Kxd5 Kxf6 38. g4 a5 39. Nd4 a4 40. g5+ Kf7 41. Nb5 Ne6 42. Ke5 Nc7 43. Nc3 a3 44. f5 gxf5 45. Kxf5 b5 46. Na2 Na6 47. Nc1 b4 48. Ke5 Nc5 0-1

[Event "Titled Tue 8th Nov Late"]
[Site "chess.com INT"]
[Date "2022.11.08"]
[Round "9"]
[White "Indjic, A.."]
[Black "Nakamura, Hi"]
[Result "0-1"]
[WhiteElo "2631"]
[BlackElo "2768"]
[PlyCount "78"]
[EventDate "2022.11.08"]

1. d4 Nf6 2. c4 e6 3. Nc3 Bb4 4. Qc2 O-O 5. Nf3 d5 6. Bg5 h6 7. Bxf6 Qxf6 8. a3 Bxc3+ 9. Qxc3 dxc4 10. Qxc4 Nc6 11. e3 e5 12. d5 e4 13. Nd2 Ne7 14. Rb1 $146 ({RR} 14. Nxe4 Qxb2 15. Qc3 Qxc3+ 16. Nxc3 c6 17. Bc4 cxd5 18. Nxd5 Nxd5 19. Bxd5 Rd8 20. e4 Be6 21. Bxb7 Rab8 22. Ba6 Rb6 23. Be2 Rb2 24. Rd1 Rxd1+ 25. Bxd1 Ra2 26. a4 Bd7 27. O-O Bxa4 {½-½ (27) Indjic,A (2636)-Grischuk,A (2745) chess.com INT 2023}) 14... Bf5 15. g4 Bxg4 16. Nxe4 Qb6 17. Be2 Bxe2 18. Kxe2 Rad8 19. Rhd1 Rfe8 20. b4 Qg6 21. Rbc1 Qh5+ 22. Ke1 Nxd5 23. Ng3 Qf3 24. Rd3 Nf4 25. Rxd8 Ng2+ 26. Kd2 Qxf2+ 27. Qe2 Rxd8+ 28. Kc3 Qxe2 29. Nxe2 Nxe3 30. Nd4 c6 31. Re1 Rxd4 32. Rxe3 Rd7 33. Re8+ Kh7 34. Kc4 g5 35. Kc5 f5 36. Rf8 f4 37. a4 a6 38. Kb6 Kg7 39. Rf5 Rf7 0-1